Jack the Ripper and the London press (Record no. 247525)
[ view plain ]
| 000 -LEADER | |
|---|---|
| fixed length control field | 01379nam a22003374a 4500 |
| 082 04 - DEWEY DECIMAL CLASSIFICATION NUMBER | |
| Classification number | 070.4/493641523/092 |
| 100 1# - MAIN ENTRY--AUTHOR NAME | |
| Personal name | Curtis, L. Perry |
| 245 10 - TITLE STATEMENT | |
| Title | Jack the Ripper and the London press |
| 260 ## - PUBLICATION, DISTRIBUTION, ETC. (IMPRINT) | |
| Place of publication | New Haven : |
| Name of publisher | Yale University Press, |
| Year of publication | c2001. |
| 300 ## - PHYSICAL DESCRIPTION | |
| Number of Pages | viii, 354 p. : |
| Other physical details | ill. |
| 650 #0 - SUBJECT ADDED ENTRY--TOPICAL TERM | |
| Topical Term | Serial murderers |
| Topical Term | Serial murders |
| Topical Term | Serial murders |
| 856 40 - ELECTRONIC LOCATION AND ACCESS | |
| Uniform Resource Identifier | http://site.ebrary.com/lib/rucke/Doc?id=10167948 |
No items available.
